Классификация рисков в сфере жилищно-коммунальных услуг в современных условиях; Известия Томского политехнического университета [Известия ТПУ]; Т. 321, № 6 : Экономика. Философия, социология и культурология. История
| Parent link: | Известия Томского политехнического университета [Известия ТПУ]/ Томский политехнический университет (ТПУ).— , 2000- Т. 321, № 6 : Экономика. Философия, социология и культурология. История.— 2012.— [С. 62-66] |
|---|---|
| Автор: | |
| Резюме: | Заглавие с титульного листа Электронная версия печатной публикации Определены и классифицированы риски в жилищно-коммунальной сфере в современных условиях. Рассмотрена совокупность направлений оптимизации рисков в жилищно-коммунальном хозяйстве. Даны рекомендации по регулированию рисковых ситуаций на уровне городских округов, муниципальных образований. |
| Мова: | Російська |
| Опубліковано: |
2012
|
| Серія: | Экономика |
| Предмети: | |
| Онлайн доступ: | http://earchive.tpu.ru/bitstream/11683/4568/1/bulletin_tpu-2012-321-6-13.pdf |
| Формат: | Електронний ресурс Частина з книги |
| KOHA link: | https://koha.lib.tpu.ru/cgi-bin/koha/opac-detail.pl?biblionumber=233563 |
MARC
| LEADER | 00000nla2a2200000 4500 | ||
|---|---|---|---|
| 001 | 233563 | ||
| 005 | 20231031203608.0 | ||
| 035 | |a (RuTPU)RU\TPU\book\254641 | ||
| 035 | |a RU\TPU\book\254640 | ||
| 090 | |a 233563 | ||
| 100 | |a 20130305d2012 k y0rusy50 ca | ||
| 101 | 0 | |a rus | |
| 102 | |a RU | ||
| 135 | |a drnn ---uucaa | ||
| 181 | 0 | |a i | |
| 182 | 0 | |a b | |
| 200 | 1 | |a Классификация рисков в сфере жилищно-коммунальных услуг в современных условиях |b Электронный ресурс |f Л. В. Спицына | |
| 203 | |a Текст |c электронный | ||
| 215 | |a 1 файл (80 Кб) | ||
| 225 | 1 | |a Экономика | |
| 230 | |a Электронные текстовые данные (1 файл : 80 Кб) | ||
| 300 | |a Заглавие с титульного листа | ||
| 300 | |a Электронная версия печатной публикации | ||
| 320 | |a [Библиогр.: с. 66 (6 назв.)] | ||
| 330 | |a Определены и классифицированы риски в жилищно-коммунальной сфере в современных условиях. Рассмотрена совокупность направлений оптимизации рисков в жилищно-коммунальном хозяйстве. Даны рекомендации по регулированию рисковых ситуаций на уровне городских округов, муниципальных образований. | ||
| 337 | |a Adobe Reader | ||
| 461 | 1 | |0 (RuTPU)RU\TPU\book\176237 |t Известия Томского политехнического университета [Известия ТПУ] |f Томский политехнический университет (ТПУ) |d 2000- | |
| 463 | 1 | |0 (RuTPU)RU\TPU\book\254614 |x 1684-8519 |t Т. 321, № 6 : Экономика. Философия, социология и культурология. История |v [С. 62-66] |d 2012 |p 264 с. | |
| 610 | 1 | |a жилищно-коммунальное хозяйство | |
| 610 | 1 | |a риски | |
| 610 | 1 | |a классификация | |
| 610 | 1 | |a оптимизация | |
| 610 | 1 | |a регулирование | |
| 610 | 1 | |a труды учёных ТПУ | |
| 610 | 1 | |a электронный ресурс | |
| 700 | 1 | |a Спицына |b Л. В. |g Люция Валерьевна | |
| 801 | 1 | |a RU |b 63413507 |c 20090623 |g PSBO | |
| 801 | 2 | |a RU |b 63413507 |c 20220124 |g PSBO | |
| 856 | 4 | |u http://earchive.tpu.ru/bitstream/11683/4568/1/bulletin_tpu-2012-321-6-13.pdf | |
| 942 | |c CF | ||